[Event "Vlissingen HZ op 22nd"]
[Site "Vlissingen"]
[Date "2018.08.04"]
[Round "1"]
[White "Tampe, Alexander"]
[Black "Van den Berg, Bram"]
[Result "0-1"]
[WhiteElo "1689"]
[BlackElo "2221"]
[PlyCount "50"]
[EventDate "2018.08.04"]
[EventType "swiss"]
[EventRounds "9"]
[EventCountry "NED"]
[SourceTitle "CBM 185 Extra"]
[Source "ChessBase"]
[SourceDate "2018.07.29"]
[SourceVersion "1"]
[SourceVersionDate "2018.07.29"]
[SourceQuality "1"]

1. e4 d5 2. exd5 Nf6 3. Nf3 Bg4 4. Be2 Qxd5 5. d4 Nc6 6. c3 0-0-0 7. Bf4 e5 8. dxe5 Qe4 9. Qc1 Nxe5 10. Qe3 Qxe3 11. fxe3 Ng6 12. Bg3 Bc5 13. Nd4 Rhe8 14. Bf2 Bxe2 15. Kxe2 Bxd4 16. cxd4 Rxd4 17. Nc3 Rb4 18. b3 Ne4 19. Be1 Nxc3+ 20. Bxc3 Rbe4 21. Bd2 f5 22. Kf3 Ne5+ 23. Kg3 Ng4 24. Rae1 Nxe3 25. Rxe3 f4+ 0-1

[Event "GER-chT U20"]
[Site "Duesseldorf"]
[Date "2017.12.29"]
[Round "5.2"]
[White "Mikeler, Marcel"]
[Black "Tampe, Alexander"]
[Result "1/2-1/2"]
[WhiteElo "1863"]
[BlackElo "1695"]
[PlyCount "68"]
[EventDate "2017.12.27"]
[EventType "team-swiss"]
[EventRounds "7"]
[EventCountry "GER"]
[SourceTitle "CBM 182 Extra"]
[Source "ChessBase"]
[SourceDate "2018.02.23"]
[SourceVersion "1"]
[SourceVersionDate "2018.02.23"]
[SourceQuality "1"]
[WhiteTeam "Heilbronn U20"]
[BlackTeam "Darmstadt Schachforum U20"]
[WhiteTeamCountry "GER"]
[BlackTeamCountry "GER"]

1. d4 d5 2. c4 e6 3. Nc3 Nf6 4. cxd5 exd5 5. Bg5 c6 6. Qc2 Be7 7. e3 h6 8. Bh4 Nbd7 9. Bd3 Nb6 10. Nge2 Bd7 11. 0-0 Qc7 12. Bg3 Qd8 13. Rab1 Nh5 14. Be5 Bf6 15. b4 Qe7 16. f4 Bxe5 17. fxe5 0-0-0 18. a4 g6 19. a5 Nc4 20. Bxc4 dxc4 21. Ne4 Bf5 22. Nd6+ Rxd6 23. Rxf5 gxf5 24. exd6 Qxe3+ 25. Kf1 Qe4 26. Rc1 Rg8 27. Qxe4 fxe4 28. Rxc4 Kd7 29. d5 cxd5 30. Rc7+ Kxd6 31. Rxf7 Rg7 32. Rf5 Rg5 33. Rf7 Rg7 34. Rf5 Rg5 1/2-1/2

[Event "GER-chT U20"]
[Site "Duesseldorf"]
[Date "2017.12.27"]
[Round "1.2"]
[White "Tampe, Alexander"]
[Black "Kruse, Janik"]
[Result "0-1"]
[WhiteElo "1695"]
[BlackElo "2052"]
[PlyCount "68"]
[EventDate "2017.12.27"]
[EventType "team-swiss"]
[EventRounds "7"]
[EventCountry "GER"]
[SourceTitle "CBM 182 Extra"]
[Source "ChessBase"]
[SourceDate "2018.02.23"]
[SourceVersion "1"]
[SourceVersionDate "2018.02.23"]
[SourceQuality "1"]
[WhiteTeam "Darmstadt Schachforum U20"]
[BlackTeam "Lippstadt Turm U20"]
[WhiteTeamCountry "GER"]
[BlackTeamCountry "GER"]

1. e4 e5 2. Nf3 Nc6 3. d4 exd4 4. Nxd4 Nf6 5. Nxc6 bxc6 6. Bd3 d5 7. exd5 cxd5 8. 0-0 Be7 9. Bg5 0-0 10. Nc3 c6 11. Re1 h6 12. Bh4 Rb8 13. Rb1 Be6 14. Ne2 Rb4 15. Bg3 Nh5 16. c3 Rb7 17. Nd4 Nxg3 18. Nxc6 Qb6 19. Nxe7+ Rxe7 20. hxg3 Rb7 21. b3 Qa5 22. Qc2 Rc8 23. b4 Qa3 24. Rb3 Qa4 25. Qb2 d4 26. Ra3 dxc3 27. Qc1 Qxb4 28. Ba6 c2 29. Bxb7 Qxb7 30. Qe3 Qb2 31. Rc1 Rd8 32. Re1 Rd1 33. Rc3 Qxa2 34. Qe2 Qa1 0-1

[Event "GER-chT U20"]
[Site "Borken"]
[Date "2016.12.29"]
[Round "5.6"]
[White "Tampe, Alexander"]
[Black "Brungs, Sven"]
[Result "1-0"]
[WhiteElo "1509"]
[BlackElo "1768"]
[PlyCount "72"]
[EventDate "2016.12.27"]
[EventType "team-swiss"]
[EventRounds "7"]
[EventCountry "GER"]
[SourceTitle "EXT 2018"]
[Source "ChessBase"]
[SourceDate "2017.10.13"]
[SourceVersion "1"]
[SourceVersionDate "2017.10.13"]
[SourceQuality "1"]
[WhiteTeam "Darmstadt"]
[BlackTeam "Porz SG"]
[WhiteTeamCountry "GER"]
[BlackTeamCountry "GER"]

1. e4 c6 2. d4 d5 3. exd5 cxd5 4. Bd3 Nc6 5. c3 Qc7 6. Qb3 e6 7. Nf3 Bd6 8. Be3 Nge7 9. Nbd2 Ng6 10. 0-0 Nf4 11. Bxf4 Bxf4 12. Rfe1 0-0 13. Qc2 h6 14. a3 Rd8 15. Rac1 Bd7 16. g3 Bd6 17. c4 dxc4 18. Nxc4 Rac8 19. Nxd6 Qxd6 20. Qc5 Qf8 21. Ne5 Nxe5 22. Qxf8+ Kxf8 23. dxe5 Rxc1 24. Rxc1 Bc6 25. Rc3 Rd5 26. f4 Ke7 27. Kf2 f6 28. exf6+ gxf6 29. b4 Kd6 30. Ke3 a5 31. Be4 axb4 32. axb4 Rd1 33. Rd3+ Rxd3+ 34. Bxd3 Kd5 35. b5 Bd7 36. Be4+ Kd6 1-0

[Event "GER-chT U20"]
[Site "Borken"]
[Date "2016.12.28"]
[Round "4.6"]
[White "Gubela, Hans Erich Constant"]
[Black "Tampe, Alexander"]
[Result "1/2-1/2"]
[WhiteElo "1782"]
[BlackElo "1509"]
[PlyCount "50"]
[EventDate "2016.12.27"]
[EventType "team-swiss"]
[EventRounds "7"]
[EventCountry "GER"]
[SourceTitle "EXT 2018"]
[Source "ChessBase"]
[SourceDate "2017.10.13"]
[SourceVersion "1"]
[SourceVersionDate "2017.10.13"]
[SourceQuality "1"]
[WhiteTeam "Sasbach"]
[BlackTeam "Darmstadt"]
[WhiteTeamCountry "GER"]
[BlackTeamCountry "GER"]

1. b3 d5 2. Bb2 Nc6 3. e3 Nf6 4. f4 Bf5 5. Bb5 Bd7 6. Nf3 e6 7. d3 Bd6 8. Nbd2 a6 9. Bxc6 Bxc6 10. 0-0 Qe7 11. Ne5 0-0 12. Ndf3 Nd7 13. Qe1 f6 14. Nxc6 bxc6 15. Qh4 c5 16. Rae1 Rae8 17. e4 f5 18. exd5 Qxh4 19. Nxh4 exd5 20. Rxe8 Rxe8 21. Nxf5 Re2 22. Nxd6 Rxc2 23. Bxg7 cxd6 24. Bh6 Rxa2 25. Rf3 Nf6 1/2-1/2

[Event "Wiesbaden op 27th"]
[Site "Wiesbaden"]
[Date "2015.08.30"]
[Round "6"]
[White "Tampe, Alexander"]
[Black "Kirchner, Stefan2222"]
[Result "1/2-1/2"]
[WhiteElo "1719"]
[BlackElo "1497"]
[PlyCount "44"]
[EventDate "2015.08.27"]
[EventType "swiss"]
[EventRounds "7"]
[EventCountry "GER"]
[SourceTitle "EXT 2016"]
[Source "ChessBase"]
[SourceDate "2015.10.08"]
[SourceVersion "1"]
[SourceVersionDate "2015.10.08"]
[SourceQuality "1"]

1. e4 d6 2. Nf3 Nf6 3. Nc3 c6 4. d4 Nbd7 5. Bf4 Qa5 6. Qd2 e5 7. dxe5 dxe5 8. Bg5 Bb4 9. Bd3 0-0 10. 0-0 Re8 11. a3 Be7 12. b4 Qc7 13. Na4 b6 14. c4 Bb7 15. Nc3 a5 16. b5 Nc5 17. Qc2 Rad8 18. Rfd1 Ne6 19. Be3 Nf4 20. a4 Bb4 21. Bxf4 Bxc3 22. Qxc3 exf4 1/2-1/2

[Event "Wiesbaden op 27th"]
[Site "Wiesbaden"]
[Date "2015.08.29"]
[Round "4"]
[White "Tampe, Alexander"]
[Black "Klebs, Sebastian"]
[Result "0-1"]
[WhiteElo "1719"]
[BlackElo "1890"]
[PlyCount "48"]
[EventDate "2015.08.27"]
[EventType "swiss"]
[EventRounds "7"]
[EventCountry "GER"]
[SourceTitle "EXT 2016"]
[Source "ChessBase"]
[SourceDate "2015.10.08"]
[SourceVersion "1"]
[SourceVersionDate "2015.10.08"]
[SourceQuality "1"]

1. e4 c5 2. Nf3 e6 3. d4 cxd4 4. Nxd4 a6 5. Nc3 Qc7 6. Be3 Bb4 7. Bd2 Nf6 8. Bd3 0-0 9. 0-0 Bc5 10. Be3 b5 11. Qd2 Ng4 12. Bf4 e5 13. Nd5 Qd8 14. Nb3 Bxf2+ 15. Rxf2 Nxf2 16. Bxe5 Nxd3 17. Bf6 gxf6 18. Qh6 Kh8 19. cxd3 Rg8 20. Nxf6 Rg7 21. Rc1 a5 22. Nd4 d5 23. Rc5 Ra6 24. Rxd5 Qxf6 0-1

[Event "Hessen-ch U18"]
[Site "Bad Homburg"]
[Date "2015.04.02"]
[Round "6"]
[White "Tampe, Alexander"]
[Black "Engel, Jan"]
[Result "0-1"]
[WhiteElo "1719"]
[BlackElo "1670"]
[PlyCount "104"]
[EventDate "2015.03.30"]
[EventType "swiss"]
[EventRounds "7"]
[EventCountry "GER"]
[SourceTitle "EXT 2017"]
[Source "ChessBase"]
[SourceDate "2016.10.25"]
[SourceVersion "1"]
[SourceVersionDate "2016.10.25"]
[SourceQuality "1"]

1. e4 c6 2. d4 d5 3. exd5 cxd5 4. Bf4 Bf5 5. c3 Nc6 6. Bd3 Bxd3 7. Qxd3 Nf6 8. Nd2 e6 9. Ngf3 Be7 10. 0-0 0-0 11. Rfe1 Rc8 12. Rac1 Nh5 13. Be3 Bd6 14. Nb3 Nf6 15. Nc5 Qc7 16. h3 Nd7 17. Nxd7 Qxd7 18. Qd2 b5 19. a3 a5 20. b4 a4 21. Bf4 Bxf4 22. Qxf4 Qc7 23. Qxc7 Rxc7 24. Ne5 Rfc8 25. Nd3 Nb8 26. Nc5 Nd7 27. f4 Nb6 28. Rc2 Nc4 29. Ra2 h5 30. g3 h4 31. g4 g5 32. f5 exf5 33. gxf5 Kg7 34. Rf1 Kf6 35. Rf3 g4 36. hxg4 Kg5 37. Nd3 Kxg4 38. Rf4+ Kg5 39. f6 Ne3 40. Raf2 Rxc3 41. Ne5 R8c7 42. Kh2 Rc2 43. Kh3 Rxf2 44. Rxf2 Nf5 45. Nf3+ Kh5 46. Rg2 Kh6 47. Rg5 Nxd4 48. Nxd4 Kxg5 49. Nxb5 Rc2 50. Nd6 Rc3+ 51. Kg2 Rxa3 52. b5 Rb3 0-1

[Event "Hessen-ch U18"]
[Site "Bad Homburg"]
[Date "2015.03.30"]
[Round "2"]
[White "Tampe, Alexander"]
[Black "Keller, Peter1111"]
[Result "0-1"]
[WhiteElo "1719"]
[BlackElo "2046"]
[PlyCount "82"]
[EventDate "2015.03.30"]
[EventType "swiss"]
[EventRounds "7"]
[EventCountry "GER"]
[SourceTitle "EXT 2017"]
[Source "ChessBase"]
[SourceDate "2016.10.25"]
[SourceVersion "1"]
[SourceVersionDate "2016.10.25"]
[SourceQuality "1"]

1. e4 e5 2. Nf3 Nc6 3. Bc4 Bc5 4. c3 Nf6 5. d4 exd4 6. cxd4 Bb4+ 7. Bd2 Bxd2+ 8. Nbxd2 d5 9. exd5 Nxd5 10. 0-0 0-0 11. Re1 Bg4 12. Qc2 Nf6 13. Qc3 Bxf3 14. Nxf3 Qd6 15. Rad1 Rad8 16. a3 Nd5 17. Qc2 h6 18. Ne5 Nb6 19. Nxc6 Qxc6 20. b3 Rd7 21. Rd2 Rfd8 22. Red1 Qd6 23. Qe4 c6 24. a4 Nd5 25. Qf3 g6 26. g3 Kg7 27. Qd3 a6 28. Qf3 Nc7 29. Qc3 Qf6 30. Qe3 Re7 31. Qc3 c5 32. Qa1 Red7 33. d5 Qxa1 34. Rxa1 Nxd5 35. Rad1 Nb6 36. Rd3 Rxd3 37. Rxd3 Rxd3 38. Bxd3 c4 39. Bxc4 Nxc4 40. bxc4 Kf6 41. f4 Kf5 0-1

[Event "GER-chT U16"]
[Site "Lingen"]
[Date "2013.12.28"]
[Round "4.3"]
[White "Bohnert, Dominik"]
[Black "Tampe, Alexander"]
[Result "1-0"]
[WhiteElo "1976"]
[BlackElo "1535"]
[PlyCount "69"]
[EventDate "2013.12.27"]
[EventType "team-swiss"]
[EventRounds "7"]
[EventCountry "GER"]
[SourceTitle "EXT 2015"]
[Source "ChessBase"]
[SourceDate "2014.11.20"]
[SourceVersion "1"]
[SourceVersionDate "2014.11.20"]
[SourceQuality "1"]
[WhiteTeam "Sasbach"]
[BlackTeam "Darmstadt"]
[WhiteTeamCountry "GER"]
[BlackTeamCountry "GER"]

1. e4 e5 2. Nf3 Nc6 3. Bc4 Bc5 4. 0-0 d6 5. c3 Bg4 6. b4 Bb6 7. d3 Nf6 8. Nbd2 0-0 9. h3 Be6 10. Bb3 Ne7 11. Bxe6 fxe6 12. Ng5 Qd7 13. Qb3 d5 14. exd5 exd5 15. c4 c6 16. Bb2 Ng6 17. Rae1 Rae8 18. Ndf3 Bc7 19. cxd5 cxd5 20. Ne4 b6 21. Nxf6+ Rxf6 22. d4 Rfe6 23. dxe5 Nxe5 24. Nxe5 Bxe5 25. Bxe5 Rxe5 26. Rxe5 Rxe5 27. Rd1 Kf8 28. Qg3 Qe6 29. Kh2 Kf7 30. Rc1 Qf6 31. Rc3 Rg5 32. Qc7+ Kf8 33. Qb8+ Kf7 34. Qb7+ Kg6 35. Rc6 1-0

[Event "GER-chT U16"]
[Site "Lingen"]
[Date "2013.12.28"]
[Round "3.3"]
[White "Tampe, Alexander"]
[Black "Walter, Daniel"]
[Result "1-0"]
[WhiteElo "1535"]
[BlackElo "1271"]
[PlyCount "109"]
[EventDate "2013.12.27"]
[EventType "team-swiss"]
[EventRounds "7"]
[EventCountry "GER"]
[SourceTitle "EXT 2015"]
[Source "ChessBase"]
[SourceDate "2014.11.20"]
[SourceVersion "1"]
[SourceVersionDate "2014.11.20"]
[SourceQuality "1"]
[WhiteTeam "Darmstadt"]
[BlackTeam "Sontheim/Brenz"]
[WhiteTeamCountry "GER"]
[BlackTeamCountry "GER"]

1. e4 Nf6 2. e5 Nd5 3. d4 d6 4. Nf3 Nb6 5. Be2 Nc6 6. 0-0 g6 7. Be3 Bg7 8. Nc3 dxe5 9. dxe5 Bf5 10. Nb5 Qxd1 11. Raxd1 Rc8 12. c3 Be6 13. b3 Nxe5 14. Nxa7 Nxf3+ 15. Bxf3 Rb8 16. Nb5 Be5 17. Bd4 Bxd4 18. Rxd4 Na8 19. Rfd1 0-0 20. c4 c6 21. Nc3 Nc7 22. Ne4 Na6 23. a3 c5 24. R4d2 h6 25. Nc3 b6 26. Nb5 Rfc8 27. Na7 Re8 28. Bc6 Rf8 29. Nb5 Bf5 30. f3 h5 31. h3 Rfc8 32. Bd7 Rd8 33. g4 Bxd7 34. Rxd7 Rxd7 35. Rxd7 Kf8 36. Ra7 Rd8 37. Rxa6 Rd3 38. gxh5 gxh5 39. Rxb6 f6 40. Rc6 Rxf3 41. Kg2 Rxb3 42. Rxc5 e5 43. a4 h4 44. a5 Rg3+ 45. Kf2 Rxh3 46. a6 Rh2+ 47. Kg1 Ra2 48. a7 h3 49. Rc8+ Kg7 50. a8Q Rg2+ 51. Kh1 Rc2 52. Rg8+ Kh6 53. Qf8+ Kh5 54. Qf7+ Kh4 55. Qh7# 1-0

[Event "GER-chT U16"]
[Site "Lingen"]
[Date "2013.12.27"]
[Round "2.3"]
[White "Guendisch, Stefan"]
[Black "Tampe, Alexander"]
[Result "0-1"]
[WhiteElo "1301"]
[BlackElo "1535"]
[PlyCount "66"]
[EventDate "2013.12.27"]
[EventType "team-swiss"]
[EventRounds "7"]
[EventCountry "GER"]
[SourceTitle "EXT 2015"]
[Source "ChessBase"]
[SourceDate "2014.11.20"]
[SourceVersion "1"]
[SourceVersionDate "2014.11.20"]
[SourceQuality "1"]
[WhiteTeam "Heilbronn"]
[BlackTeam "Darmstadt"]
[WhiteTeamCountry "GER"]
[BlackTeamCountry "GER"]

1. e4 e5 2. Nf3 Nc6 3. Nc3 Bc5 4. Bc4 d6 5. h3 Nf6 6. d3 Be6 7. Bxe6 fxe6 8. Bd2 0-0 9. Qe2 d5 10. exd5 exd5 11. 0-0-0 Qe7 12. g4 e4 13. dxe4 Nxe4 14. Nxe4 Rae8 15. Qb5 dxe4 16. Qc4+ Kh8 17. Nh4 Bxf2 18. Nf5 Qc5 19. Qb3 e3 20. Bc3 Rxf5 21. gxf5 e2 22. f6 exd1Q+ 23. Rxd1 Qg5+ 24. Kb1 Bd4 25. Qf7 Rg8 26. fxg7+ Qxg7 27. Bxd4 Nxd4 28. Qf2 c5 29. a3 Rf8 30. Qe3 Qf6 31. h4 b6 32. h5 Qf5 33. Rg1 Qf1+ 0-1

[Event "Karl Mala Memorial op-A 16th"]
[Site "Frankfurt"]
[Date "2013.07.14"]
[Round "7"]
[White "Tampe, Alexander"]
[Black "Puzzo, Peter"]
[Result "1/2-1/2"]
[WhiteElo "1699"]
[BlackElo "1713"]
[PlyCount "50"]
[EventDate "2013.07.11"]
[EventType "swiss"]
[EventRounds "7"]
[EventCountry "GER"]
[SourceTitle "EXT 2014"]
[Source "ChessBase"]
[SourceDate "2013.11.20"]
[SourceVersion "1"]
[SourceVersionDate "2013.11.20"]
[SourceQuality "1"]

1. e4 e6 2. d4 d5 3. exd5 exd5 4. Bf4 Nf6 5. Nd2 c5 6. Ngf3 Be7 7. Be2 0-0 8. 0-0 Nc6 9. c3 Nh5 10. Be3 cxd4 11. Nxd4 Nf6 12. N2f3 Re8 13. Qc2 Ng4 14. Bf4 Nf6 15. Rfe1 Bg4 16. Rad1 Nxd4 17. Nxd4 Be6 18. Bf3 Bd6 19. Bxd6 Qxd6 20. Re2 Re7 21. Rde1 Rae8 22. Qd2 a6 23. a3 b5 24. Re3 g6 25. g3 Kg7 1/2-1/2

[Event "Gernsheim U20 op 11th"]
[Site "Gernsheim"]
[Date "2013.05.19"]
[Round "4"]
[White "Will, Patrick"]
[Black "Tampe, Alexander"]
[Result "1-0"]
[WhiteElo "2085"]
[BlackElo "1699"]
[PlyCount "67"]
[EventDate "2013.05.18"]
[EventType "swiss"]
[EventRounds "7"]
[EventCountry "GER"]
[SourceTitle "EXT 2015"]
[Source "ChessBase"]
[SourceDate "2014.11.20"]
[SourceVersion "1"]
[SourceVersionDate "2014.11.20"]
[SourceQuality "1"]

1. d4 d5 2. c4 e6 3. Nf3 c5 4. cxd5 Qxd5 5. Nc3 Qd8 6. Be3 Nd7 7. g3 b6 8. Bg2 Bb7 9. Qa4 Ngf6 10. dxc5 Bxc5 11. Bxc5 bxc5 12. Rd1 Qe7 13. 0-0 0-0 14. Rfe1 Nb6 15. Qc2 Rfd8 16. Rc1 Rac8 17. e4 h6 18. a4 a5 19. Qb3 Rc6 20. Ne5 Rcd6 21. Nb5 Rd2 22. Na3 Qc7 23. Rc3 Qxe5 24. Qxb6 Qd4 25. Qxc5 Nxe4 26. Qxd4 R8xd4 27. Rce3 Nxf2 28. Bxb7 Nh3+ 29. Kh1 Nf2+ 30. Kg2 Ng4+ 31. R3e2 f5 32. Bc8 Kf7 33. Bxe6+ Kf6 34. Nc4 1-0

[Event "Gernsheim U20 op 11th"]
[Site "Gernsheim"]
[Date "2013.05.18"]
[Round "1"]
[White "Mikeler, Marcel"]
[Black "Tampe, Alexander"]
[Result "0-1"]
[WhiteElo "1729"]
[BlackElo "1699"]
[PlyCount "128"]
[EventDate "2013.05.18"]
[EventType "swiss"]
[EventRounds "7"]
[EventCountry "GER"]
[SourceTitle "EXT 2015"]
[Source "ChessBase"]
[SourceDate "2014.11.20"]
[SourceVersion "1"]
[SourceVersionDate "2014.11.20"]
[SourceQuality "1"]

1. d4 d5 2. c4 e6 3. Nc3 Nf6 4. cxd5 Nxd5 5. e4 Nb6 6. Nf3 Be7 7. Be3 0-0 8. Rc1 Nc6 9. Bd3 Bf6 10. Bb1 Bd7 11. b3 Rc8 12. 0-0 g6 13. Qd2 Qe7 14. Rfd1 Rfd8 15. e5 Bg7 16. Bg5 f6 17. Bh4 Qf8 18. exf6 Bxf6 19. Bg3 Nd5 20. Ne4 Qe7 21. Qe2 Bg7 22. Nc5 b6 23. Ne4 Rf8 24. Nc3 Rfe8 25. Ne5 Nxe5 26. Bxe5 Bxe5 27. dxe5 Bc6 28. Ne4 Bb7 29. Qg4 Kg7 30. Bd3 Rf8 31. g3 Rf5 32. h4 h5 33. Qh3 Rxe5 34. f4 Rf5 35. Ng5 Rf6 36. Re1 Re8 37. Re5 Qa3 38. Rce1 Qc5+ 39. Kh2 Qf2+ 40. Qg2 Qxg2+ 41. Kxg2 Nxf4+ 42. Kh2 Nxd3 43. R5e2 Nxe1 44. Rxe1 Bd5 45. Rc1 c5 46. Rc2 Ref8 47. Kh3 Rf2 48. Rc1 Bg2+ 49. Kh2 Be4+ 50. Kg1 Rg2+ 51. Kh1 Rc2+ 52. Nxe4 Rxc1+ 53. Kh2 Rc2+ 54. Kh3 Rf1 55. g4 Rh1+ 56. Kg3 Rg1+ 57. Kf3 hxg4+ 58. Ke3 Re1+ 59. Kd3 Rxe4 60. Kxc2 g3 61. a4 g2 62. Kb2 g1Q 63. h5 Re2+ 64. Kc3 Qd4# 0-1

[Event "Hessen-ch U16"]
[Site "Bad Homburg"]
[Date "2013.??.??"]
[Round "3"]
[White "Tampe, Alexander"]
[Black "Thomas, Tobias"]
[Result "0-1"]
[WhiteElo "1699"]
[BlackElo "1738"]
[PlyCount "32"]
[EventDate "2013.03.??"]
[EventType "swiss"]
[EventRounds "7"]
[EventCountry "GER"]
[SourceTitle "EXT 2014"]
[Source "ChessBase"]
[SourceDate "2013.11.20"]
[SourceVersion "1"]
[SourceVersionDate "2013.11.20"]
[SourceQuality "1"]

1. e4 c5 2. f4 d5 3. exd5 Nf6 4. Nc3 Bg4 5. Be2 Bxe2 6. Ngxe2 Nxd5 7. d3 Nc6 8. 0-0 e6 9. Bd2 Be7 10. Qe1 Qd7 11. Qf2 0-0-0 12. a3 h6 13. Rfb1 b6 14. d4 cxd4 15. Nxd4 Nxd4 16. Qxd4 Bc5 0-1

[Event "Karl Mala Memorial op 15th"]
[Site "Frankfurt"]
[Date "2012.07.08"]
[Round "7"]
[White "Schwichtenberg, Juergen"]
[Black "Tampe, Alexander"]
[Result "1/2-1/2"]
[WhiteElo "1820"]
[BlackElo "1372"]
[PlyCount "73"]
[EventDate "2012.07.05"]
[EventType "swiss"]
[EventRounds "7"]
[EventCountry "GER"]
[SourceTitle "CBM 149 Extra"]
[Source "ChessBase"]
[SourceDate "2012.08.24"]
[SourceVersion "1"]
[SourceVersionDate "2012.08.24"]
[SourceQuality "1"]

1. b4 e5 2. Bb2 d6 3. b5 g6 4. c4 Bg7 5. Nf3 Be6 6. e3 Nd7 7. d4 f6 8. Be2 Ne7 9. 0-0 0-0 10. Nc3 c5 11. dxe5 Nxe5 12. Nd5 f5 13. Rb1 b6 14. Ng5 Qd7 15. Nxe6 Qxe6 16. Nc7 Qd7 17. Nxa8 Rxa8 18. Bf3 Rd8 19. Bd5+ Kh8 20. a4 Nxd5 21. Qxd5 Nf7 22. Bxg7+ Kxg7 23. Rfd1 Kf8 24. g3 Ke7 25. Rb2 Qe6 26. Qxe6+ Kxe6 27. f4 Rd7 28. Rbd2 Nd8 29. Kf2 Nb7 30. Kf3 Na5 31. Rc2 Re7 32. Rd3 Kd7 33. h3 Re4 34. Rdc3 h5 35. g4 hxg4+ 36. hxg4 Ke6 37. gxf5+ 1/2-1/2

[Event "Hessen-ch U16"]
[Site "Bad Homburg"]
[Date "2012.??.??"]
[Round "7"]
[White "Tampe, Alexander"]
[Black "Czickus, Lukas"]
[Result "1/2-1/2"]
[WhiteElo "1296"]
[BlackElo "1580"]
[PlyCount "53"]
[EventDate "2012.04.??"]
[EventType "swiss"]
[EventRounds "9"]
[EventCountry "GER"]
[SourceTitle "EXT 2015"]
[Source "ChessBase"]
[SourceDate "2014.11.20"]
[SourceVersion "1"]
[SourceVersionDate "2014.11.20"]
[SourceQuality "1"]

1. e4 c5 2. Nf3 Nc6 3. Nc3 g6 4. d3 Bg7 5. Bd2 Nf6 6. g3 d5 7. Bg2 Bg4 8. 0-0 dxe4 9. dxe4 Nd4 10. Be3 Nxf3+ 11. Bxf3 Bh3 12. Bg2 Bxg2 13. Kxg2 b6 14. Rb1 0-0 15. Qc1 Ng4 16. Bd2 Qd4 17. h3 Rad8 18. Bf4 e5 19. Be3 Nxe3+ 20. Qxe3 Qxe3 21. fxe3 Rd7 22. Nd5 f5 23. Nc3 Rdf7 24. exf5 gxf5 25. Nd5 e4 26. c4 Be5 27. Kh2 1/2-1/2

[Event "Hessen-ch U16"]
[Site "Bad Homburg"]
[Date "2012.??.??"]
[Round "2"]
[White "Tampe, Alexander"]
[Black "Kneussel, Nils"]
[Result "0-1"]
[WhiteElo "1296"]
[BlackElo "1483"]
[PlyCount "82"]
[EventDate "2012.04.??"]
[EventType "swiss"]
[EventRounds "9"]
[EventCountry "GER"]
[SourceTitle "EXT 2015"]
[Source "ChessBase"]
[SourceDate "2014.11.20"]
[SourceVersion "1"]
[SourceVersionDate "2014.11.20"]
[SourceQuality "1"]

1. e4 c6 2. d4 d5 3. Nc3 dxe4 4. Nxe4 Bf5 5. Bd3 Qxd4 6. Nf3 Qd8 7. 0-0 e6 8. Bf4 Nd7 9. Qe2 Bxe4 10. Bxe4 Ngf6 11. Rad1 Qb6 12. b3 Rd8 13. Ne5 Be7 14. Rfe1 0-0 15. Nxd7 Rxd7 16. Bxh7+ Kxh7 17. Rxd7 Nxd7 18. Qd3+ Kg8 19. Qxd7 Qb4 20. Bd2 Qd6 21. Qxd6 Bxd6 22. Rd1 Rd8 23. Be3 Bxh2+ 24. Kxh2 Rxd1 25. c3 Ra1 26. Bxa7 Rxa2 27. Bd4 Kf8 28. Kg3 Ra5 29. f4 g6 30. Kf3 Ke8 31. Ke3 f5 32. Kf3 Kd7 33. Be5 c5 34. Kg3 Ra3 35. Kh4 Ke8 36. Kg5 Kf7 37. g4 Rxb3 38. Kh4 Rb1 39. g5 b5 40. Kg3 Ke7 41. Kf3 Re1 0-1

[Event "Rhein Main op-B 14th"]
[Site "Bad Homburg"]
[Date "2011.06.23"]
[Round "3"]
[White "Urban, Thomas"]
[Black "Tampe, Alexander"]
[Result "0-1"]
[WhiteElo "1442"]
[BlackElo "1101"]
[PlyCount "96"]
[EventDate "2011.06.22"]
[EventType "swiss"]
[EventRounds "7"]
[EventCountry "GER"]
[SourceTitle "EXT 2012"]
[Source "ChessBase"]
[SourceDate "2011.11.24"]
[SourceVersion "1"]
[SourceVersionDate "2011.11.24"]
[SourceQuality "1"]

1. e4 e5 2. f4 Nc6 3. fxe5 Nxe5 4. d4 Ng6 5. Nf3 Be7 6. Bc4 Nf6 7. e5 Ne4 8. 0-0 0-0 9. Nbd2 Ng5 10. Nxg5 Bxg5 11. Nf3 Bxc1 12. Qxc1 d6 13. Ng5 d5 14. Bb3 h6 15. Nf3 c6 16. c3 f6 17. Bc2 Ne7 18. exf6 Rxf6 19. Ne5 Bf5 20. Bd1 Ng6 21. Re1 Re6 22. Bh5 Nxe5 23. Rxe5 Qf6 24. Qf4 Rxe5 25. dxe5 Qe6 26. Rf1 Bg6 27. Bg4 Qe7 28. e6 Rf8 29. Qe5 Rxf1+ 30. Kxf1 Qf8+ 31. Kg1 Qc5+ 32. Kh1 Qf2 33. h3 Be4 34. Qh2 Qf6 35. Qb8+ Kh7 36. Kg1 h5 37. Bxh5 Qxe6 38. Qxb7 Qh6 39. Qf7 Qc1+ 40. Qf1 Qxb2 41. Qf2 Qxc3 42. Qxa7 Qe1+ 43. Kh2 Qf1 44. Qg1 Qf4+ 45. Kh1 Qd2 46. a4 Qa2 47. Bd1 Qa3 48. Qe1 Qxh3+ 0-1